书目信息 |
| 题名: |
不饱和聚酯树脂:生产及应用
|
|
| 作者: | 周菊兴 , 董永祺 编著 | |
| 分册: | ||
| 出版信息: | 北京 化学工业出版社 2000.04 |
|
| 页数: | 390页 | |
| 开本: | 32开 | |
| 丛书名: | ||
| 单 册: | ||
| 中图分类: | TQ323.4 | |
| 科图分类: | ||
| 主题词: | 缩聚树脂 , 缩聚塑料 | |
| 电子资源: | ||
| ISBN: | 7-5025-2740-0 | |
| 000 | 00664nam0 2200217 45 | |
| 001 | 0010071606 | |
| 005 | 20001007163622.1 | |
| 010 | @a7-5025-2740-0@d26.00元 | |
| 100 | @a20001007d2000 km y0chiy0120 ea | |
| 101 | 0 | @achi |
| 105 | @a z 000yy | |
| 200 | 1 | @a不饱和聚酯树脂:生产及应用@ABu Bao He Ju Zhi Shu Zhi:Sheng Chan Ji Ying Yong@f周菊兴,董永祺编著@FZhou Ju Xing,Dong Yong Qi Bian Zhu |
| 210 | @a北京@c化学工业出版社@d2000.04 | |
| 215 | @a390页@d32开 | |
| 606 | 0 | @a缩聚树脂 |
| 606 | 0 | @a缩聚塑料 |
| 690 | @aTQ323.4@v3 | |
| 701 | 0 | @a周菊兴@4编著 |
| 701 | 0 | @a董永祺@4编著 |
| 801 | @aCN@bPftUser@c20001007 | |
| 905 | @b171354-356@dTQ323.4@eZH889@f3 | |
| 不饱和聚酯树脂:生产及应用/周菊兴,董永祺编著.-北京:化学工业出版社,2000.04 |
| 390页;32开 |
| ISBN 7-5025-2740-0:26.00元 |
| ● |
| 相关链接 |
|
|
|
正题名:不饱和聚酯树脂:生产及应用
索取号:TQ323.4/ZH889
 
预约/预借
| 序号 | 登录号 | 条形码 | 馆藏地/架位号 | 状态 | 备注 |
| 1 | 171354 | 201713547 | 自科库501/501自科库 140排9列2层/ [索取号:TQ323.4/ZH889] | 在馆 | |
| 2 | 171355 | 201713556 | 自科库501/501自科库 140排9列2层/ [索取号:TQ323.4/ZH889] | 在馆 | |
| 3 | 171356 | 201713565 | 期刊室512/501自科库 140排9列2层/ [索取号:TQ323.4/ZH889] | 在馆 |